Ojos del diablo
保存先:
| 第一著者: | |
|---|---|
| フォーマット: | 図書 |
| 言語: | スペイン語 |
| 出版事項: |
Valparaíso
Ediciones Universitarias de Valparaíso
1972
|
| 版: | 1a. ed |
| シリーズ: | Narrativa e Historia
|
| 主題: | |
| タグ: |
タグ追加
タグなし, このレコードへの初めてのタグを付けませんか!
|
MARC
| LEADER | 00000cam a2200000 a 4500 | ||
|---|---|---|---|
| 001 | UCJ4714 | ||
| 003 | CL-VaPUC | ||
| 008 | 070124e19720000CL |||||||||||||||||spa|d | ||
| 082 | 0 | 4 | |a Ch863 |b COR |2 21 |
| 100 | 0 | |a Correa Márquez, Hugo |e author |9 508890 | |
| 245 | 1 | 0 | |a Ojos del diablo |
| 250 | |a 1a. ed | ||
| 300 | |a 150 p | ||
| 942 | |c BK | ||
| 945 | |d 20070124 00:00:00 |a rinostro | ||
| 260 | |a Valparaíso |b Ediciones Universitarias de Valparaíso |c 1972 | ||
| 650 | 0 | |a Novelas chilenas |9 265425 | |
| 650 | 0 | |a Literatura chilena |9 308278 | |
| 583 | |a last modification |c 20141107 02:02:20 |k Rodrigo Vera | ||
| 490 | 0 | |a Narrativa e Historia | |
| 999 | |c 320830 |d 320828 | ||
| 952 | |0 0 |1 0 |4 0 |6 CH_863_000000000000000_COR_1972 |7 0 |8 X |9 399434 |a FDOBUD |b FDOBUD |d 2019-11-22 |i 1024965 |o Ch863 COR 1972 |p 1024965 |r 2019-11-22 |w 2019-11-22 |y BK_X |k BUD | ||
| 952 | |0 0 |1 0 |3 erb |4 0 |6 CH_863_000000000000000_COR_1972 |7 0 |8 X |9 399435 |a FDOBUD |b FDOBUD |i 5106524 |o Ch863 COR 1972 |p 5106524 |r 2019-11-22 |w 2019-11-22 |y BK_X |z Catalogado en:20141107 |k BUD | ||